000 01109nam a22002297a 4500
003 OSt
005 20260511111812.0
008 260428b |||||||| |||| 00| 0 eng d
022 _a0017-8012
040 _aTBS
_bEN
_cTBS
041 _aeng
100 _aAvery, Jill
_926923
_eauthor
245 _aA new approach to building your personal brand
_c/ Jill Avery, Rachel Greenwald.
260 _bHarvard Business Review,
_c2025
300 _a10–15 pages.
490 _aHarvard Business Review
_vvol. 103
505 _aMuch of professional and personal success depends on persuading others to recognize your value. You have to do this when you apply for jobs, ask for promotions, vie for leadership positions, or write your dating profile. For better or worse, in today’s world everyone is a brand, and you need to develop yours and get comfortable marketing it.
630 0 _aB2 PBT ​​Personal Brand​ (BiM)
_926903
700 _aGreenwald, Rachel
_926924
_eauthor
856 _uhttps://research-ebsco-com.hub.tbs-education.fr/linkprocessor/plink?id=738f7d2a-8c91-3eb4-91ef-27ae39341519
942 _2lcc
999 _c5431
_d5431